Mujeres chilenas de letras
Đã lưu trong:
| Tác giả chính: | |
|---|---|
| Định dạng: | Sách |
| Ngôn ngữ: | Tiếng Tây Ban Nha |
| Được phát hành: |
Santiago
Imprenta Universitaria
1917
|
| Phiên bản: | 1a. ed |
| Những chủ đề: | |
| Các nhãn: |
Thêm thẻ
Không có thẻ, Là người đầu tiên thẻ bản ghi này!
|
MARC
| LEADER | 00000nam a2200000 a 4500 | ||
|---|---|---|---|
| 001 | UCJ5436 | ||
| 003 | CL-VaPUC | ||
| 008 | 070124e19170315CL |||||||||||||||||spa|d | ||
| 082 | 0 | 4 | |a 928 |b ZAN |2 21 |
| 100 | 0 | |a Zanelli López, Luisa |e author |9 510615 | |
| 245 | 1 | 0 | |a Mujeres chilenas de letras |
| 250 | |a 1a. ed | ||
| 300 | |a 203 p | ||
| 942 | |c BK | ||
| 945 | |d 20070124 00:00:00 |a rinostro | ||
| 260 | |a Santiago |b Imprenta Universitaria |c 1917 | ||
| 500 | |a Advierte errata; front., fotografía de la autora | ||
| 600 | 0 | 7 | |a INSTITUTO PEDAGOGICO |2 CL-VaPUC |9 510616 |
| 650 | 0 | |a Biografías |9 255210 | |
| 650 | 0 | |a Mujeres |9 257649 | |
| 650 | 7 | |a EDUCACION PARTICULAR |2 CL-VaPUC |9 308684 | |
| 650 | 0 | |a Jardines infantiles |9 307427 | |
| 650 | 7 | |a JUEGOS FLORALES |2 CL-VaPUC |9 508791 | |
| 650 | 7 | |a INSTITUCIONES FEMENINAS |2 CL-VaPUC |9 510617 | |
| 650 | 0 | |a Iconografía |9 267998 | |
| 650 | 0 | |a Historia de Chile |9 265473 | |
| 583 | |a last modification |c 20070124 00:00:00 |k Rodrigo Vera | ||
| 999 | |c 321545 |d 321543 | ||
| 952 | |0 0 |1 0 |4 0 |6 928_000000000000000_ZAN_1917 |7 0 |8 X |9 400316 |a FDOBUD |b FDOBUD |d 2019-11-22 |i 1034634 |o 928 ZAN 1917 |p 1034634 |r 2019-11-22 |w 2019-11-22 |y BK_X |k BUD | ||